Ivato International Airport Destinations (Antananarivo, Madagascar) - Statistics

General Stats
  • This quiz has been taken 76 times
    23 since last reset
  • The average score is 10 of 21
Answer Stats
Airline Destination % Correct
Ethiopian Airlines Addis Ababa
100%
Emirates Dubai (International)
95%
Kenya Airways Nairobi (Jomo Kenyatta)
95%
Air France Paris (Charles de Gaulle)
95%
Corsair International Paris (Orly)
95%
Turkish Airlines Istanbul
90%
Air Mauritius Mauritius
75%
Airlink Johannesburg (O. R. Tambo)
70%
Madagascar Airlines Nosy-Be
70%
Emirates Mahé
45%
Madagascar Airlines Antsiranana
30%
Air Austral/Corsair International Saint-Denis de la Réunion
30%
Madagascar Airlines Toamasina
30%
Ewa Air Dzaoudzi
25%
Madagascar Airlines Toliara
20%
Madagascar Airlines Morondava
15%
Madagascar Airlines Majunga
10%
Madagascar Airlines Sainte Marie
10%
Madagascar Airlines Maroantsetra
0%
Madagascar Airlines Sambava
0%
Madagascar Airlines Tôlanaro
0%
No matching quizzes found
Score Distribution
Percent of People with Each Score
Percentile by Number Answered
Your Score History
You have not taken this quiz since the last reset